00247nam a2200097Ia 4500100002000000654001600020245004800036260003800084082001500122546001200137 aBrahmankar/D.B  aEngineering aText book of Engineering Mechanics-Dynamics bNandu PublishersaNew Delhic2003 a620.1bBRA aENGLISH